000
00285nam a22001337a 4500
008
181102b xxu||||| |||| 00| 0 eng d
020
_a
0397520824
041
_a
eng
080
_a
617
100
_a
7
101
_a
SHK
245
_a
Textbook of Surgery
_c
Hardy, J.D
942
_2
udc
_c
BK
999
_c
51717
_d
51717